| 000 | 00809nam a2200241 i 4500 | ||
|---|---|---|---|
| 001 | BINCO | ||
| 003 | CO-MdBIC | ||
| 005 | 20240610161626.0 | ||
| 008 | 221025t19992009ck a|||| |||| 00| 0 spa d | ||
| 020 | _a9789587048285 | ||
| 040 |
_a CO-MdBIC _bspa. _cCO-MdBIC _d CO-MdBIC |
||
| 041 | _aspa | ||
| 082 |
_223 _a863.4 _bB619 |
||
| 100 |
_a Birmajer, Marcelo _d(1966- |
||
| 245 |
_aMitos y recuerdos _c/ Marcelo Birmajer ; ilustraciones de Pez |
||
| 264 |
_aBogotá, Colombia : _bAlfaguara, S. A., _c[2009] |
||
| 264 | _c©2009 | ||
| 300 |
_a80 páginas : _bilustraciones a blanco y negro ; _c20 cm. |
||
| 501 | _aEn este libro se combinan La Illíada y La Odisea con historias que pueblan la vida cotidiana de un chico de estos tiempos | ||
| 690 | _aMitos | ||
| 690 | _aLiteratura juvenil | ||
| 942 | _cLGB | ||
| 999 |
_c68318 _d68318 |
||